[Event "Bayview Games Club"]
[Site "Toronto CAN"]
[Date "2006.??.??"]
[Round "3"]
[White "Kurkowski, Ken"]
[Black "Maguire, Jack"]
[Result "1-0"]
[WhiteElo "1799"]
[BlackElo "500"]
[PlyCount "55"]
[EventDate "2006.??.??"]
[EventCountry "CAN"]

1. d4 d5 2. Nf3 Nc6 3. e3 Bg4 4. c4 e6 5. Nc3 Bb4 6. Be2 Nf6 7. O-O a6 8. Qc2
Bxf3 9. Bxf3 dxc4 10. Bxc6+ bxc6 11. Bd2 Bd6 12. Ne4 Ng4 13. Nxd6+ cxd6 14. h3
Nf6 15. Qxc4 Qd7 16. Rac1 c5 17. dxc5 Rc8 18. Qxa6 dxc5 19. Rfd1 O-O 20. Qc4
Qc6 21. b4 Ne4 22. bxc5 Rfd8 23. Bb4 Qa4 24. Rxd8+ Rxd8 25. Qxe4 Qxa2 26. c6 h6
27. c7 Rc8 28. Qb7 1-0

[Event "Bayview Games Club"]
[Site "Toronto CAN"]
[Date "2006.??.??"]
[Round "3"]
[White "Verde, Pino"]
[Black "Jackiw, Mark"]
[Result "0-1"]
[WhiteElo "1888"]
[BlackElo "1465"]
[PlyCount "64"]
[EventDate "2006.??.??"]
[EventCountry "CAN"]

1. d3 c5 2. Nf3 Nf6 3. Bg5 e6 4. e4 Be7 5. c3 Nc6 6. Na3 a6 7. Nc2 O-O 8. Ne3
Re8 9. Bxf6 Bxf6 10. Ng4 Be7 11. h4 f5 12. Nge5 Nxe5 13. Nxe5 d6 14. Nf3 fxe4
15. dxe4 Bf6 16. g4 Qb6 17. Qc2 e5 18. g5 Be7 19. Bc4+ Kh8 20. h5 Rf8 21. Nh4
d5 22. exd5 Bxg5 23. Ng6+ hxg6 24. hxg6+ Bh6 25. Qe4 Bf5 26. Rxh6+ gxh6 27.
Qxe5+ Qf6 28. Qxf6+ Rxf6 29. O-O-O b5 30. Be2 Bxg6 31. d6 Rd8 32. d7 Rxf2 0-1

[Event "Bayview Games Club"]
[Site "Toronto CAN"]
[Date "2006.??.??"]
[Round "4"]
[White "Buzila, Georghe"]
[Black "Armstrong, Robert J"]
[Result "0-1"]
[WhiteElo "1600"]
[BlackElo "1875"]
[PlyCount "108"]
[EventDate "2006.??.??"]
[EventCountry "CAN"]

1. e4 g6 2. Nf3 Bg7 3. d4 d6 4. Be2 Nf6 5. Nc3 O-O 6. O-O c6 7. h3 b5 8. a3 Bb7
9. Be3 a5 10. Bd3 Qc7 11. Qd2 Nbd7 12. Bh6 b4 13. Bxg7 bxc3 14. Qxc3 Kxg7 15.
Qd2 e5 16. c3 Rfe8 17. Rfe1 Rad8 18. Qg5 d5 19. dxe5 Nxe5 20. Nxe5 Rxe5 21. Qf4
Qe7 22. f3 Re8 23. b4 dxe4 24. fxe4 Nxe4 25. Bc4 Nd6 26. Rxe5 Qxe5 27. Qxe5+
Rxe5 28. Bd3 axb4 29. cxb4 c5 30. bxc5 Rxc5 31. a4 Rd5 32. Be2 Rd2 33. Kf1
Bxg2+ 34. Kxg2 Rxe2+ 35. Kf3 Rb2 36. a5 Nb5 37. a6 Na7 38. Ra4 Rb3+ 39. Kg2 f5
40. Rc4 Nb5 41. Rc6 Ra3 42. Rb6 Nd4 43. Rb4 Nc6 44. Rb6 Ne5 45. Rb7+ Kh6 46.
Rb6 Nd3 47. Rd6 Nc5 48. Rc6 Nxa6 49. Rb6 Nc5 50. Rb5 Ne4 51. Rb7 g5 52. Rb5
Rg3+ 53. Kh2 f4 54. Rf5 Nd2 0-1

[Event "Bayview Games Club"]
[Site "Toronto CAN"]
[Date "2006.??.??"]
[Round "4"]
[White "Jackiw, Mark"]
[Black "Maguire, Jack"]
[Result "1-0"]
[WhiteElo "1465"]
[BlackElo "1299"]
[PlyCount "55"]
[EventDate "2006.??.??"]
[EventCountry "CAN"]

1. c4 Nc6 2. f4 e5 3. Nf3 d6 4. Nc3 g6 5. d3 Bg7 6. e4 f5 7. Be2 Nge7 8. fxe5
dxe5 9. Bd2 fxe4 10. Nxe4 Nd4 11. O-O Nxe2+ 12. Qxe2 Bg4 13. h3 Bf5 14. Bc3 Nc6
15. Rad1 Nd4 16. Nxd4 exd4 17. Nd6+ Kf8 18. Nxf5 dxc3 19. Ne7+ Ke8 20. Nc6+ Kd7
21. Nxd8 Raxd8 22. Rf7+ Kc8 23. Rxg7 cxb2 24. Qxb2 Rde8 25. Rf1 Kb8 26. Rff7
Rc8 27. Re7 h5 28. Qe5 1-0

[Event "Bayview Games Club"]
[Site "Toronto CAN"]
[Date "2006.??.??"]
[Round "4"]
[White "Kurkowski, Ken"]
[Black "Shahabuddin, Alizadeh"]
[Result "1/2-1/2"]
[WhiteElo "1799"]
[BlackElo "1827"]
[PlyCount "31"]
[EventDate "2006.??.??"]
[EventCountry "CAN"]

1. e4 c6 2. d4 d5 3. exd5 cxd5 4. Bd3 Nf6 5. Nf3 Nc6 6. c3 Bg4 7. h3 Bh5 8. Bf4
Qb6 9. Qb3 Bg6 10. Bxg6 hxg6 11. Nbd2 e6 12. O-O Qxb3 13. axb3 Be7 14. Rfe1 Nh5
15. Bh2 Nf6 16. b4 1/2-1/2

[Event "Bayview Games Club"]
[Site "Toronto CAN"]
[Date "2006.??.??"]
[Round "4"]
[White "Tellier, Raymond"]
[Black "Verde, Pino"]
[Result "0-1"]
[WhiteElo "1526"]
[BlackElo "1650"]
[PlyCount "42"]
[EventDate "2006.??.??"]
[EventCountry "CAN"]

1. e4 g5 2. d4 h6 3. Bc4 Bg7 4. Be3 c5 5. Qf3 e6 6. c3 Qb6 7. Qe2 cxd4 8. Bxd4
Bxd4 9. cxd4 Qxd4 10. Nf3 Qd6 11. Nc3 g4 12. Nd2 h5 13. Nb5 Qe5 14. O-O-O Nc6
15. Nb3 a6 16. Nd6+ Ke7 17. Nxc8+ Rxc8 18. Qe3 Nb4 19. Nd2 b5 20. a3 bxc4 21.
f4 Nd3+ 0-1

[Event "Bayview Games Club"]
[Site "Toronto CAN"]
[Date "2007.??.??"]
[Round "5"]
[White "Alvarez, Alfonso"]
[Black "Kurkowski, Ken"]
[Result "0-1"]
[WhiteElo "1500"]
[BlackElo "1799"]
[PlyCount "54"]
[EventDate "2006.??.??"]
[EventCountry "CAN"]

1. f4 d5 2. Nf3 Nf6 3. e3 e6 4. Nc3 c5 5. b3 Nc6 6. Bb2 Be7 7. d3 b6 8. Ne2 Bb7
9. h3 Qd7 10. g4 O-O-O 11. Qd2 d4 12. e4 h6 13. O-O-O Nb4 14. a3 Nc6 15. Rg1
Qc7 16. Kb1 e5 17. Rc1 Bd6 18. f5 b5 19. c3 Na5 20. Qd1 Nxe4 21. cxd4 Nf2 22.
Qd2 Nxb3 23. Qc2 Nxc1 24. Qxc1 Bxf3 25. Nc3 cxd4 26. Nxb5 Qxc1+ 27. Kxc1 Kb7
0-1

[Event "Bayview Games Club"]
[Site "Toronto CAN"]
[Date "2007.??.??"]
[Round "5"]
[White "Armstrong, Robert J"]
[Black "Lung, Stephen"]
[Result "1-0"]
[WhiteElo "1875"]
[BlackElo "1529"]
[PlyCount "87"]
[EventDate "2006.??.??"]
[EventCountry "CAN"]

1. d4 d5 2. c4 Nf6 3. Nf3 e6 4. e3 c5 5. Bd3 Nc6 6. O-O cxd4 7. exd4 Be7 8. Nc3
dxc4 9. Bxc4 O-O 10. b3 Nb4 11. Bb2 Nbd5 12. Ne5 a6 13. a4 Bb4 14. Qf3 Qd6 15.
Rfd1 Re8 16. Ne4 Nxe4 17. Qxf7+ Kh8 18. Qxe8+ Qf8 19. Qxf8+ Bxf8 20. Re1 Nef6
21. Nf7+ Kg8 22. Ng5 Bb4 23. Re2 Nf4 24. Rc2 N4d5 25. Rac1 Bd7 26. Nf3 Rd8 27.
Ne5 Be8 28. Nd3 Bd6 29. Nc5 b5 30. axb5 axb5 31. Nxe6 Rb8 32. Bxd5 Nxd5 33. Rc8
Rxc8 34. Rxc8 Nf6 35. Nc7 Bxc7 36. Rxc7 Nd5 37. Rc5 Nf4 38. d5 Nd3 39. Rc2 Bg6
40. Rd2 Nc5 41. d6 Be8 42. b4 Ne4 43. d7 Nxd2 44. dxe8=Q# 1-0

[Event "Bluenose CC-ch"]
[Site "Halifax CAN"]
[Date "2006.02.25"]
[Round "2"]
[White "Kenney, Jason"]
[Black "Cashin, Ken"]
[Result "1/2-1/2"]
[WhiteElo "2178"]
[BlackElo "1703"]
[PlyCount "62"]
[EventDate "2006.02.26"]
[EventType "swiss"]
[EventRounds "5"]
[EventCountry "CAN"]

1. d4 d5 2. c4 c6 3. Nf3 Nf6 4. Nc3 dxc4 5. a4 Bf5 6. e3 e6 7. Bxc4 Bd6 8. Qe2
Bc7 9. e4 Bg4 10. Be3 Nbd7 11. O-O O-O 12. Bg5 Qb8 13. h3 Bh5 14. e5 Nd5 15.
Nxd5 exd5 16. Bd3 Qe8 17. Bd2 Bg6 18. Bb4 c5 19. dxc5 Bxd3 20. Qxd3 Nxe5 21.
Qxd5 Nxf3+ 22. Qxf3 Qe5 23. g3 a5 24. Bc3 Qxc5 25. Rac1 Be5 26. Rfd1 Bxc3 27.
Rxc3 Qb4 28. b3 b5 29. axb5 Qxb5 30. Rc7 a4 31. bxa4 Qxa4 1/2-1/2

[Event "British Columbia-ch"]
[Site "Vancouver CAN"]
[Date "2006.10.06"]
[Round "1.1"]
[White "Wu, Howard"]
[Black "Patterson, Roger"]
[Result "1-0"]
[WhiteElo "2186"]
[BlackElo "2165"]
[PlyCount "51"]
[EventDate "2006.10.06"]
[EventType "tourn"]
[EventRounds "7"]
[EventCountry "CAN"]

1. e4 c5 2. Nf3 d6 3. d4 cxd4 4. Nxd4 Nf6 5. Nc3 e6 6. Be3 Be7 7. g4 h5 8. g5
Ng4 9. Bb5+ Kf8 10. h4 g6 11. Qf3 a6 12. Ba4 Qc7 13. Bb3 Kg7 14. O-O-O Nd7 15.
Bf4 Nc5 16. Bg3 b5 17. Qe2 Bb7 18. f3 b4 19. Nb1 Ne5 20. f4 Nc6 21. f5 Nxd4 22.
f6+ Kh7 23. Rxd4 Bd8 24. Bxd6 Qc6 25. Bxc5 Qxc5 26. Rd7 1-0

[Event "British Columbia-ch"]
[Site "Vancouver CAN"]
[Date "2006.10.06"]
[Round "1.2"]
[White "Pechisker, Alfred"]
[Black "Milicevic, Dragoljub"]
[Result "1/2-1/2"]
[WhiteElo "2278"]
[BlackElo "2118"]
[PlyCount "39"]
[EventDate "2006.10.06"]
[EventType "tourn"]
[EventRounds "7"]
[EventCountry "CAN"]

1. d4 d5 2. c4 e6 3. Nf3 c6 4. Nc3 f5 5. Bf4 Nf6 6. e3 Be7 7. Ne5 O-O 8. Be2
dxc4 9. Bxc4 Nd5 10. Bxd5 exd5 11. h4 Be6 12. Qf3 Nd7 13. Qg3 Nxe5 14. Bxe5 Bf6
15. f4 Qe7 16. Qf3 a5 17. a4 Qd7 18. g3 Be7 19. Qe2 Bb4 20. Kf2 1/2-1/2

[Event "British Columbia-ch"]
[Site "Vancouver CAN"]
[Date "2006.10.06"]
[Round "1.3"]
[White "McLaren, Brian"]
[Black "Berry, Jonathan"]
[Result "1/2-1/2"]
[WhiteElo "2220"]
[BlackElo "2295"]
[PlyCount "90"]
[EventDate "2006.10.06"]
[EventType "tourn"]
[EventRounds "7"]
[EventCountry "CAN"]

1. g3 e5 2. Nf3 e4 3. Nd4 Nc6 4. Nxc6 dxc6 5. Bg2 Nf6 6. d3 Bf5 7. Bg5 h6 8.
Bxf6 Qxf6 9. Nc3 Bb4 10. Qd2 O-O-O 11. a3 Bxc3 12. Qxc3 Qxc3+ 13. bxc3 Rhe8 14.
Kd2 c5 15. c4 Rd6 16. Rhe1 b6 17. Kc3 h5 18. Rad1 e3 19. fxe3 Rxe3 20. Kd2 Rde6
21. Be4 R6xe4 22. dxe4 Rxe4 23. Rf1 Be6 24. Rf4 Rxc4 25. Rxc4 Bxc4 26. e3 b5
27. Rb1 c6 28. e4 a5 29. c3 Kd7 30. Ke3 Ke6 31. Rb2 Ke5 32. h4 Be6 33. Rd2 b4
34. cxb4 cxb4 35. axb4 axb4 36. Rd8 b3 37. Rb8 c5 38. Rb5 Kd6 39. Kd3 f6 40.
Rb7 g5 41. Kc3 gxh4 42. gxh4 Ke5 43. Re7 f5 44. exf5 Kxf5 45. Rg7 Kf4 1/2-1/2

[Event "British Columbia-ch"]
[Site "Vancouver CAN"]
[Date "2006.10.06"]
[Round "1.4"]
[White "Jiang, Louie"]
[Black "Davies, Lucas"]
[Result "1/2-1/2"]
[WhiteElo "2090"]
[BlackElo "2178"]
[PlyCount "60"]
[EventDate "2006.10.06"]
[EventType "tourn"]
[EventRounds "7"]
[EventCountry "CAN"]

1. e4 c6 2. d4 d5 3. Nc3 dxe4 4. Nxe4 Nf6 5. Nxf6+ gxf6 6. Nf3 Bf5 7. g3 e6 8.
Bf4 Be7 9. Bg2 Be4 10. O-O h5 11. Re1 f5 12. h4 Nd7 13. Ng5 Bxg2 14. Kxg2 Nb6
15. Qf3 Qd5 16. b3 Qxf3+ 17. Kxf3 Nd5 18. c4 Bxg5 19. Bxg5 Nb6 20. a4 O-O 21.
a5 Nd7 22. b4 f6 23. Bf4 Kf7 24. Ra2 Rfe8 25. Rd2 Rac8 26. c5 a6 27. Kg2 Nf8
28. Bd6 Ng6 29. Rde2 Rcd8 30. f4 Rd7 1/2-1/2

[Event "British Columbia-ch"]
[Site "Vancouver CAN"]
[Date "2006.10.07"]
[Round "2.1"]
[White "Patterson, Roger"]
[Black "Davies, Lucas"]
[Result "1/2-1/2"]
[WhiteElo "2165"]
[BlackElo "2178"]
[PlyCount "78"]
[EventDate "2006.10.06"]
[EventType "tourn"]
[EventRounds "7"]
[EventCountry "CAN"]

1. e4 c6 2. d4 d5 3. exd5 cxd5 4. Bd3 Nc6 5. c3 Nf6 6. Bf4 Bg4 7. Qb3 Qd7 8.
Nd2 e6 9. Ngf3 Bxf3 10. Nxf3 Bd6 11. Bxd6 Qxd6 12. O-O O-O 13. Rae1 Rab8 14.
Ne5 Nd7 15. f4 f5 16. Nxd7 Qxd7 17. Bb5 Qd6 18. Qa4 Rfc8 19. Re3 Nd8 20. Bd3 a6
21. g4 b5 22. Qd1 g6 23. gxf5 exf5 24. Qe2 Kf7 25. Re1 Nc6 26. Qf3 a5 27. Qe2
b4 28. Bb5 Qxf4 29. Bxc6 Rxc6 30. Re7+ Kf6 31. Rxh7 Qg4+ 32. Qxg4 fxg4 33. Re3
bxc3 34. bxc3 Rb1+ 35. Kf2 Rc1 36. Rd7 R6xc3 37. Rxc3 Rxc3 38. Rxd5 Ra3 39. Rb5
g5 1/2-1/2

[Event "British Columbia-ch"]
[Site "Vancouver CAN"]
[Date "2006.10.07"]
[Round "2.2"]
[White "Berry, Jonathan"]
[Black "Jiang, Louie"]
[Result "1-0"]
[WhiteElo "2295"]
[BlackElo "2090"]
[PlyCount "75"]
[EventDate "2006.10.06"]
[EventType "tourn"]
[EventRounds "7"]
[EventCountry "CAN"]

1. c4 Nf6 2. Nc3 e6 3. e4 d6 4. d4 Nbd7 5. Nf3 c5 6. d5 exd5 7. exd5 Be7 8. Bd3
Ne5 9. Nxe5 dxe5 10. O-O O-O 11. Re1 Bd6 12. Bg5 h6 13. Bxf6 Qxf6 14. Ne4 Qd8
15. Re3 f5 16. Nxd6 Qxd6 17. f3 f4 18. Re2 Bf5 19. Qc2 g6 20. Rae1 Rae8 21. Be4
a6 22. a3 Kg7 23. Qc3 b5 24. b3 Re7 25. Bxf5 Rxf5 26. g4 fxg3 27. hxg3 Qf6 28.
f4 b4 29. axb4 cxb4 30. fxe5 Qg5 31. Qe3 Qg4 32. e6 Rf3 33. Qe5+ Kh7 34. Re3
Rf5 35. Qe4 Qg5 36. d6 Re8 37. d7 Ref8 38. e7 1-0

[Event "British Columbia-ch"]
[Site "Vancouver CAN"]
[Date "2006.10.07"]
[Round "2.3"]
[White "Milicevic, Dragoljub"]
[Black "McLaren, Brian"]
[Result "1/2-1/2"]
[WhiteElo "2118"]
[BlackElo "2220"]
[PlyCount "106"]
[EventDate "2006.10.06"]
[EventType "tourn"]
[EventRounds "7"]
[EventCountry "CAN"]

1. g3 d5 2. Bg2 c6 3. d3 e5 4. Nf3 Bd6 5. O-O Nf6 6. Nc3 O-O 7. e4 Na6 8. Bg5
Nc7 9. h3 h6 10. Bd2 Re8 11. Qe1 b5 12. a3 a5 13. Nh4 Be6 14. Ne2 a4 15. f4
dxe4 16. dxe4 Bc4 17. f5 Na6 18. Rd1 Qe7 19. Kh2 Red8 20. Qf2 Bc5 21. Qf3 b4
22. axb4 Bxb4 23. Bxb4 Qxb4 24. b3 axb3 25. cxb3 Qxb3 26. Qxb3 Bxb3 27. Rc1 Rd2
28. Nc3 Rad8 29. Nf3 Rb2 30. Rb1 Rxb1 31. Rxb1 Bc2 32. Rb6 Nc5 33. Nxe5 Ncxe4
34. Nxe4 Bxe4 35. Bxe4 Nxe4 36. Rxc6 Rd2+ 37. Kg1 Nxg3 38. Rc8+ Kh7 39. Nxf7
Nxf5 40. Rh8+ Kg6 41. Ne5+ Kh5 42. Nf3 Ra2 43. Rb8 g5 44. Rb5 Ng7 45. Re5 Kg6
46. Nh2 Ra6 47. Nf3 Rf6 48. Kg2 Ne6 49. Kg3 h5 50. h4 g4 51. Nh2 Ng7 52. Rg5+
Kh6 53. Nxg4+ hxg4 1/2-1/2

[Event "British Columbia-ch"]
[Site "Vancouver CAN"]
[Date "2006.10.07"]
[Round "2.4"]
[White "Wu, Howard"]
[Black "Pechisker, Alfred"]
[Result "1/2-1/2"]
[WhiteElo "2186"]
[BlackElo "2278"]
[PlyCount "147"]
[EventDate "2006.10.06"]
[EventType "tourn"]
[EventRounds "7"]
[EventCountry "CAN"]

1. d4 Nf6 2. c4 d6 3. Nc3 g6 4. e4 Bg7 5. Be2 O-O 6. Nf3 Nbd7 7. O-O e5 8. d5
Nc5 9. Qc2 a5 10. Be3 b6 11. Nd2 Bd7 12. b3 Ne8 13. a3 f5 14. f3 f4 15. Bf2 g5
16. b4 Na6 17. Rfb1 g4 18. fxg4 h5 19. gxh5 Qg5 20. h4 Qh6 21. c5 axb4 22. c6
bxc3 23. cxd7 Nf6 24. Bxa6 Rxa6 25. Qxc3 Ra7 26. Qh3 Qxh5 27. Qe6+ Qf7 28. a4
Nxd7 29. Qg4 Nf6 30. Qe2 Rfa8 31. Qc4 Ng4 32. Nf3 Bf6 33. Rb5 Qe7 34. Qc6 Nxf2
35. Kxf2 Bxh4+ 36. Ke2 Bf6 37. Rb4 Rf8 38. a5 bxa5 39. Rb7 Rxb7 40. Qxb7 Qh7
41. Kd3 Bd8 42. Rxa5 Qh1 43. Ra2 Qc1 44. Qa7 c5 45. dxc6 Qxc6 46. Qa4 Qxa4 47.
Rxa4 Kf7 48. Ra7+ Ke6 49. Rg7 Be7 50. g3 fxg3 51. Rg6+ Bf6 52. Rxg3 d5 53.
exd5+ Kxd5 54. Nxe5 Bxe5 55. Rh3 Ra8 56. Rh5 Ra3+ 57. Kc2 Rg3 58. Rf5 Ke4 59.
Rh5 Rc3+ 60. Kd2 Rc6 61. Rh7 Bf4+ 62. Ke2 Rc2+ 63. Kd1 Rd2+ 64. Ke1 Rb2 65. Kd1
Be3 66. Rd7 Rh2 67. Rd8 Bd4 68. Kc1 Kd3 69. Kb1 Rb2+ 70. Kc1 Ra2 71. Rb8 Rc2+
72. Kb1 Kd2 73. Rb4 Bc3 74. Rd4+ 1/2-1/2

[Event "British Columbia-ch"]
[Site "Vancouver CAN"]
[Date "2006.10.07"]
[Round "3.1"]
[White "Pechisker, Alfred"]
[Black "Patterson, Roger"]
[Result "1/2-1/2"]
[WhiteElo "2278"]
[BlackElo "2165"]
[PlyCount "42"]
[EventDate "2006.10.06"]
[EventType "tourn"]
[EventRounds "7"]
[EventCountry "CAN"]

1. d4 Nf6 2. c4 e6 3. Nc3 Bb4 4. Qc2 O-O 5. e4 Bxc3+ 6. bxc3 d6 7. f4 e5 8.
fxe5 dxe5 9. d5 c5 10. Bg5 Qd6 11. Nf3 Ne8 12. Bd3 f6 13. Be3 g6 14. Nh4 Ng7
15. O-O Qe7 16. g3 Bh3 17. Rf2 Nd7 18. Bf1 Bxf1 19. Raxf1 Ne8 20. Nf3 Nd6 21.
Nd2 Rf7 1/2-1/2

[Event "British Columbia-ch"]
[Site "Vancouver CAN"]
[Date "2006.10.07"]
[Round "3.2"]
[White "McLaren, Brian"]
[Black "Wu, Howard"]
[Result "1/2-1/2"]
[WhiteElo "2220"]
[BlackElo "2186"]
[PlyCount "85"]
[EventDate "2006.10.06"]
[EventType "tourn"]
[EventRounds "7"]
[EventCountry "CAN"]

1. g3 c5 2. Bg2 Nc6 3. Nf3 g6 4. c3 Bg7 5. d4 cxd4 6. cxd4 d5 7. Nc3 Nf6 8. O-O
O-O 9. Ne5 Nxe5 10. dxe5 Ng4 11. Nxd5 e6 12. Nf4 Nxe5 13. Qb3 Qa5 14. Rd1 Rb8
15. Bd2 Qa6 16. Bb4 Re8 17. Bd6 Ra8 18. Rac1 Nc6 19. e3 g5 20. Nd3 Nd4 21. exd4
Qxd6 22. Nc5 Bxd4 23. Qa4 Rd8 24. Bxb7 Bxb7 25. Nxb7 Qd7 26. Qxd7 Rxd7 27. Nc5
Rd5 28. Nd3 Rad8 29. Kf1 Bb6 30. Ke2 g4 31. b3 e5 32. Rc2 R8d6 33. Nb2 Bd4 34.
Nc4 Rg6 35. Ne3 Rd8 36. Rc7 Re8 37. Rdc1 Ra6 38. R1c2 h5 39. Rd7 Rf6 40. Rdc7
Rf3 41. Rc8 Rxc8 42. Rxc8+ Kg7 43. Nd1 1/2-1/2

[Event "British Columbia-ch"]
[Site "Vancouver CAN"]
[Date "2006.10.07"]
[Round "3.3"]
[White "Jiang, Louie"]
[Black "Milicevic, Dragoljub"]
[Result "1/2-1/2"]
[WhiteElo "2090"]
[BlackElo "2118"]
[PlyCount "120"]
[EventDate "2006.10.06"]
[EventType "tourn"]
[EventRounds "7"]
[EventCountry "CAN"]

1. e4 d5 2. exd5 Nf6 3. d4 Nxd5 4. c4 Nb6 5. Nc3 g6 6. Be3 Bg7 7. Nf3 O-O 8.
Be2 Nc6 9. Rc1 Bg4 10. d5 Bxf3 11. Bxf3 Ne5 12. b3 e6 13. O-O exd5 14. Nxd5
Nxf3+ 15. Qxf3 Nxd5 16. cxd5 Be5 17. Rfd1 b6 18. Bd4 Bxd4 19. Rxd4 c5 20. Rf4
Qd6 21. Rd1 Rad8 22. g3 f5 23. Qd3 Rfe8 24. Ra4 a5 25. f4 Re7 26. Rc4 Red7 27.
Qf3 b5 28. Rc2 c4 29. bxc4 Rc8 30. Rdc1 bxc4 31. Rxc4 Rxc4 32. Rxc4 Qxd5 33.
Qxd5+ Rxd5 34. a4 Kf7 35. Rc7+ Ke6 36. Rxh7 Rd4 37. Ra7 Rxa4 38. Ra6+ Kf7 39.
Ra7+ Kf6 40. Ra6+ Kg7 41. h3 Ra2 42. g4 fxg4 43. hxg4 Ra4 44. g5 Ra2 45. Ra7+
Kf8 46. Ra8+ Ke7 47. Ra6 Kf7 48. Ra7+ Ke6 49. Ra6+ Kf5 50. Rf6+ Kg4 51. Rxg6
Kxf4 52. Kf1 a4 53. Ke1 a3 54. Ra6 Ke3 55. Kd1 Kd3 56. Rd6+ Kc3 57. Rc6+ Kb3
58. Rb6+ Kc4 59. Kc1 Ra1+ 60. Rb1 Ra2 1/2-1/2

[Event "British Columbia-ch"]
[Site "Vancouver CAN"]
[Date "2006.10.07"]
[Round "3.4"]
[White "Davies, Lucas"]
[Black "Berry, Jonathan"]
[Result "1/2-1/2"]
[WhiteElo "2178"]
[BlackElo "2295"]
[PlyCount "107"]
[EventDate "2006.10.06"]
[EventType "tourn"]
[EventRounds "7"]
[EventCountry "CAN"]

1. e4 e5 2. Nf3 Nc6 3. Bb5 g6 4. c3 a6 5. Ba4 d6 6. d4 Bd7 7. O-O Nf6 8. Re1
Qe7 9. d5 Nb8 10. c4 Bg7 11. Nc3 O-O 12. Bxd7 Nbxd7 13. b4 a5 14. Qb3 axb4 15.
Qxb4 Nc5 16. Qb1 Nfd7 17. Be3 f5 18. Nd2 Rf7 19. f3 h5 20. Nb3 Na6 21. Qd3 f4
22. Bf2 Bf6 23. Reb1 Bh4 24. Qe2 Bxf2+ 25. Qxf2 Nac5 26. Nxc5 Nxc5 27. Ne2 g5
28. Nc1 g4 29. Nb3 Na4 30. Rc1 b6 31. Kh1 Rg7 32. Qd2 Kh8 33. Rg1 Rag8 34. Raf1
h4 35. Qb4 Qe8 36. Qb5 Qxb5 37. cxb5 Nc3 38. Ra1 h3 39. gxh3 gxf3 40. Rxg7 Rxg7
41. Nd2 Rg2 42. Nxf3 Rxa2 43. Rc1 Nxe4 44. Rxc7 Rb2 45. h4 Nf6 46. Ng5 Nxd5 47.
Rf7 Ne3 48. h3 Kg8 49. Rd7 Nf5 50. Ne4 Ng3+ 51. Nxg3 fxg3 52. Rxd6 Rxb5 53. Kg2
Rb3 54. Re6 1/2-1/2

[Event "British Columbia-ch"]
[Site "Vancouver CAN"]
[Date "2006.10.08"]
[Round "4.1"]
[White "Patterson, Roger"]
[Black "Berry, Jonathan"]
[Result "0-1"]
[WhiteElo "2165"]
[BlackElo "2295"]
[PlyCount "44"]
[EventDate "2006.10.06"]
[EventType "tourn"]
[EventRounds "7"]
[EventCountry "CAN"]

1. e4 c6 2. d4 d5 3. exd5 cxd5 4. Bd3 Nc6 5. c3 g6 6. Bf4 Nh6 7. h4 f6 8. Bxh6
Bxh6 9. h5 Bf5 10. g4 Bxd3 11. Qxd3 Qb6 12. Qc2 O-O-O 13. Nd2 e5 14. dxe5 Nxe5
15. O-O-O Nxg4 16. Nh3 Nxf2 17. Nxf2 Qxf2 18. Rhf1 Bxd2+ 19. Qxd2 Qxd2+ 20.
Rxd2 f5 21. Rg2 Rd6 22. Rfg1 Rg8 0-1

[Event "British Columbia-ch"]
[Site "Vancouver CAN"]
[Date "2006.10.08"]
[Round "4.2"]
[White "Milicevic, Dragoljub"]
[Black "Davies, Lucas"]
[Result "1-0"]
[WhiteElo "2118"]
[BlackElo "2178"]
[PlyCount "123"]
[EventDate "2006.10.06"]
[EventType "tourn"]
[EventRounds "7"]
[EventCountry "CAN"]

1. g3 Nf6 2. Bg2 g6 3. b3 Bg7 4. Bb2 O-O 5. e4 d6 6. d4 c5 7. Ne2 Nc6 8. d5 Nb8
9. O-O b5 10. Nd2 Nbd7 11. c4 Ba6 12. Rc1 Nb6 13. cxb5 Bxb5 14. Re1 a5 15. Nc3
Bd7 16. a4 Qc7 17. Bf1 Nc8 18. Nb5 Qb7 19. Rc2 Na7 20. Nxa7 Qxa7 21. Bc4 Rab8
22. Qa1 Ne8 23. Bxg7 Nxg7 24. f4 Rbe8 25. Kg2 e6 26. dxe6 fxe6 27. Be2 Bc6 28.
Bf3 Rb8 29. Qc3 Rb4 30. Nc4 Qc7 31. Rce2 Rfb8 32. Qd2 Rxb3 33. Qxa5 Qe7 34. Qd2
Nf5 35. Na5 Nd4 36. Nxc6 Nxc6 37. Rf2 Nd4 38. Bd1 Rb1 39. Bg4 Rxe1 40. Qxe1 Rb4
41. Ra2 Qb7 42. Kh3 Qa6 43. a5 h5 44. Be2 Nxe2 45. Qxe2 c4 46. Qd2 Rb3 47. Qd4
Kf7 48. Qh8 c3 49. Qh7+ Kf6 50. Qg8 Qf1+ 51. Kh4 Ke7 52. Qg7+ Kd8 53. Qf6+ Kd7
54. Qf7+ Kc6 55. Qxe6 Qd1 56. Ra4 Qg4+ 57. Qxg4 hxg4 58. a6 Rb8 59. Rc4+ Kb6
60. Rxc3 Rh8+ 61. Kxg4 Rxh2 62. Rd3 1-0

[Event "British Columbia-ch"]
[Site "Vancouver CAN"]
[Date "2006.10.08"]
[Round "4.3"]
[White "Wu, Howard"]
[Black "Jiang, Louie"]
[Result "1/2-1/2"]
[WhiteElo "2186"]
[BlackElo "2090"]
[PlyCount "86"]
[EventDate "2006.10.06"]
[EventType "tourn"]
[EventRounds "7"]
[EventCountry "CAN"]

1. e4 c5 2. Nf3 d6 3. d4 cxd4 4. Nxd4 Nf6 5. Nc3 g6 6. Be2 Bg7 7. O-O O-O 8.
Bg5 Nc6 9. Nb3 a6 10. Kh1 b5 11. a3 Be6 12. f4 Rc8 13. f5 Bd7 14. Qd2 Ne5 15.
Bxf6 Bxf6 16. Nd5 Bg7 17. c3 Re8 18. Qf4 e6 19. Ne3 Qf6 20. Nd4 gxf5 21. exf5
Kh8 22. Qg3 exf5 23. Nexf5 Bxf5 24. Rxf5 Qe7 25. Raf1 Rc5 26. Bh5 Rf8 27. Bd1
Ng6 28. Rxc5 dxc5 29. Nf5 Qe6 30. Qf2 Ne7 31. Nxg7 Kxg7 32. Re1 Qd6 33. Bf3 Ng6
34. Rd1 Qe7 35. Qg3 Rd8 36. Re1 Qf6 37. Qf2 Qg5 38. h3 Rd2 39. Re2 Rxe2 40.
Qxe2 Qc1+ 41. Kh2 b4 42. axb4 cxb4 43. cxb4 Qf4+ 1/2-1/2

[Event "British Columbia-ch"]
[Site "Vancouver CAN"]
[Date "2006.10.08"]
[Round "4.4"]
[White "Pechisker, Alfred"]
[Black "McLaren, Brian"]
[Result "1/2-1/2"]
[WhiteElo "2278"]
[BlackElo "2220"]
[PlyCount "78"]
[EventDate "2006.10.06"]
[EventType "tourn"]
[EventRounds "7"]
[EventCountry "CAN"]

1. d4 c5 2. d5 e5 3. c4 d6 4. e4 g6 5. Nc3 Qe7 6. g4 Bh6 7. h4 f6 8. Bd3 Na6 9.
a3 Bxc1 10. Rxc1 h5 11. f3 hxg4 12. fxg4 Nh6 13. Be2 Bd7 14. Bf3 O-O-O 15. Rc2
f5 16. g5 fxe4 17. Bxe4 Nf5 18. Bxf5 Bxf5 19. Rg2 Nc7 20. h5 gxh5 21. Rxh5 Bg6
22. Qg4+ Qd7 23. Rh6 Rhg8 24. Nge2 Rdf8 25. Ne4 Qxg4 26. Rxg4 Bxe4 27. Rxe4 Kd7
28. Rg4 b5 29. Nc3 Rf4 30. Rxf4 exf4 31. g6 bxc4 32. Kf2 Ke7 33. Kf3 Kf6 34.
Kxf4 Rxg6 35. Rh7 Rg7 36. Ne4+ Kg6 37. Rxg7+ Kxg7 38. Nxd6 Nxd5+ 39. Ke4 c3
1/2-1/2

[Event "British Columbia-ch"]
[Site "Vancouver CAN"]
[Date "2006.10.08"]
[Round "5.1"]
[White "McLaren, Brian"]
[Black "Patterson, Roger"]
[Result "1/2-1/2"]
[WhiteElo "2220"]
[BlackElo "2165"]
[PlyCount "47"]
[EventDate "2006.10.06"]
[EventType "tourn"]
[EventRounds "7"]
[EventCountry "CAN"]

1. g3 c5 2. Bg2 Nf6 3. b3 d5 4. Bb2 e6 5. Nf3 Nc6 6. O-O Be7 7. d3 O-O 8. Nbd2
b5 9. a4 b4 10. e4 Ba6 11. e5 Nd7 12. Re1 Re8 13. h4 Na5 14. Bf1 c4 15. dxc4
dxc4 16. Bd4 Nc5 17. bxc4 Qc7 18. Bxc5 Bxc5 19. Bd3 h6 20. h5 f5 21. Qe2 Bb7
22. Kh2 Bxf3 23. Nxf3 Nc6 24. Qf1 1/2-1/2